| 000 | 00520 a2200181 4500 | ||
|---|---|---|---|
| 008 | 170210b xxu||||| |||| 00| 0 eng d | ||
| 020 | _a9789966225474 | ||
| 050 |
_aPL8704 _b.O54 2006 |
||
| 100 | _aOng'ango, George Otieno,1965- | ||
| 245 |
_aKosa ni la nani? / _cGeorge Otieno Ong'ango. |
||
| 260 |
_bJomo Kenyatta Foundation _c2006. _aNairobi : |
||
| 300 |
_a iv, 150 p. ; _c18 cm. |
||
| 440 | _aFasihi yetu | ||
| 520 | _aA novel. | ||
| 546 | _aIn Swahili. | ||
| 650 |
_aKiswahili _xnovel |
||
| 942 |
_cBK _2lcc |
||
| 999 |
_c47156 _d47156 |
||